La Experiencia y la esperanza : un análisis cualitativo y cuantitativo de los discursos de John McCain y Barack Obama / Michele Falci un análisis cualitativo y cuantitativo de los discursos de John McCain y Barack Obama / Michele Falci
ISBN:
1138-4514
Descripción Física:
99 p. ; 21 cm
Colección:
Papers de la fundació ; 159
MARC
| LEADER | 00000nam a2200000Ia 4500 | ||
|---|---|---|---|
| 001 | 23038 | ||
| 008 | 160829s2010 xx 000 0 cat d | ||
| 020 | |a 1138-4514 | ||
| 080 | |a M-6-386 | ||
| 100 | |a Falci, Michele |9 39945 | ||
| 245 | |a La Experiencia y la esperanza : |b un análisis cualitativo y cuantitativo de los discursos de John McCain y Barack Obama / Michele Falci | ||
| 260 | |a Barcelona : |b Fundació Rafael Campalans, |c 2010 | ||
| 300 | |a 99 p. ; |c 21 cm | ||
| 490 | |a Papers de la fundació ; 159 | ||
| 590 | |a Bibliografia. | ||
| 590 | |a Memòria del Màster en Màrqueting Polític de l'ICPS presentada per l'autor en el curs 2007-2008 | ||
| 650 | |a McCain, John |9 39946 | ||
| 650 | |a Obama, Barack |9 39947 | ||
| 710 | |a Fundació Rafael Campalans |9 52024 | ||
| 901 | |a Arxiu | ||
| 942 | |n 1 | ||
| 952 | |0 0 |1 0 |4 0 |6 M6386 |7 1 |9 49312 |a Arxiu |b Arxiu |d 2016-12-01 |l 0 |o M-6-386 |p 23038 |r 2016-12-01 00:00:00 |w 2016-12-01 |y ARXIU | ||
| 999 | |c 53154 |d 53154 | ||